[Event "WLS-chB 68th"]
[Site "Cardiff"]
[Date "2024.03.30"]
[Round "3"]
[White "Honey, Luke Anthony"]
[Black "Jones, Steve"]
[Result "1-0"]
[WhiteElo "1939"]
[BlackElo "1791"]
[PlyCount "75"]
[EventDate "2024.03.29"]
[EventType "swiss"]
[EventRounds "7"]
[EventCountry "WLS"]
[SourceTitle "CB14_2024"]
[SourceDate "2024.04.01"]
[SourceVersion "1"]
[SourceVersionDate "2024.04.01"]
[SourceQuality "1"]

1. e4 c6 2. Nf3 d5 3. Nc3 dxe4 4. Nxe4 Nf6 5. Qe2 Nxe4 6. Qxe4 Nd7 7. Bc4 e6 8. d4 Nf6 9. Qe2 Be7 10. c3 0-0 11. 0-0 Qc7 12. Ne5 Bd6 13. Bf4 Nd5 14. Bg3 Bd7 15. Bd3 f5 16. f4 Rae8 17. Rae1 Bxe5 18. Qxe5 Qxe5 19. Rxe5 h6 20. Be1 Rf6 21. Bd2 Rg6 22. Kh1 Nf6 23. Rfe1 Kf7 24. Bc4 Nd5 25. Bb3 Kf8 26. Bd1 Rf6 27. c4 Nc7 28. Bb4+ Kf7 29. Bd6 Rc8 30. Ra5 Kg8 31. Rxa7 Ne8 32. Be5 Rf7 33. Rxb7 Ra8 34. Bb3 Ra5 35. Rb8 Kh7 36. c5 Re7 37. a4 Ra7 38. Bc2 1-0

[Event "Reykjavik op"]
[Site "Reykjavik"]
[Date "2024.03.18"]
[Round "5"]
[White "Osorio Ferrer, Roberto Eduardo"]
[Black "Honey, Luke Anthony"]
[Result "0-1"]
[WhiteElo "1776"]
[BlackElo "1939"]
[PlyCount "51"]
[EventDate "2024.03.15"]
[EventType "swiss"]
[EventRounds "9"]
[EventCountry "ISL"]
[SourceTitle "CB13_2024"]
[SourceDate "2024.03.27"]
[SourceVersion "1"]
[SourceVersionDate "2024.03.27"]
[SourceQuality "1"]

1. e4 c6 2. Nc3 d5 3. Qf3 dxe4 4. Nxe4 Nd7 5. d4 Ndf6 6. c3 Nxe4 7. Qxe4 Nf6 8. Qh4 Bf5 9. Nf3 e6 10. Bc4 Be7 11. Bg5 0-0 12. 0-0 h6 13. Bxf6 Bxf6 14. Qg3 a5 15. a4 Qb6 16. b3 c5 17. Rad1 Rfd8 18. Qf4 Rac8 19. Ne5 Qc7 20. Qe3 Rd6 21. Rd2 Rcd8 22. Rfd1 b6 23. h3 Bg5 24. f4 Be7 25. d5 Bf6 26. Nc6 0-1

[Event "British Universities-ch"]
[Site "Leicester"]
[Date "2024.02.25"]
[Round "?"]
[White "Honey, Luke Anthony"]
[Black "Kalavannan, Koby"]
[Result "1-0"]
[WhiteElo "1667"]
[BlackElo "2223"]
[PlyCount "188"]
[EventDate "2024.02.24"]
[EventType "team-swiss (rapid)"]
[EventRounds "9"]
[EventCountry "ENG"]
[SourceTitle "CB11_2024"]
[SourceDate "2024.03.13"]
[SourceVersion "1"]
[SourceVersionDate "2024.03.13"]
[SourceQuality "1"]
[WhiteTeam "Birmingham"]
[BlackTeam "Cambridge"]
[WhiteTeamCountry "ENG"]
[BlackTeamCountry "ENG"]

1. c4 g6 2. Nc3 Bg7 3. g3 c5 4. Bg2 Nc6 5. e4 d6 6. Nge2 h5 7. h3 a6 8. d3 Rb8 9. a4 e6 10. 0-0 Nge7 11. Be3 Nd4 12. Rb1 Nec6 13. Bxd4 Nxd4 14. Kh2 Bd7 15. Nxd4 cxd4 16. Ne2 Qa5 17. b3 Bc6 18. f4 h4 19. g4 g5 20. fxg5 Qxg5 21. b4 a5 22. b5 Bd7 23. Qc1 Be5+ 24. Kh1 Qg7 25. Qd2 b6 26. Rf3 Ke7 27. Rbf1 Rbf8 28. Nf4 Kd8 29. Qf2 Rh7 30. Nh5 Qg5 31. Nf6 Rg7 32. Nh5 Rgg8 33. Rxf7 Rxf7 34. Qxf7 Be8 35. Qf3 Ke7 36. Nf4 Rg7 37. Nh5 Rf7 38. Qe2 Rxf1+ 39. Bxf1 Qc1 40. Qf2 Qg5 41. Be2 Kd7 42. Qf3 Ke7 43. Qf2 Bg6 44. Qf3 Qc1+ 45. Kg2 Qd2 46. Qf2 Qg5 47. Kh1 Bf7 48. Qf3 Ke8 49. Bd1 Qd2 50. Be2 Qc1+ 51. Kg2 Ke7 52. Bd1 Qg5 53. Kh1 Qd2 54. Be2 Qb2 55. Qf2 Kf8 56. Qf3 Qa1+ 57. Bd1 Ke7 58. Kg2 Qb2+ 59. Qe2 Qc1 60. Qf3 Qd2+ 61. Be2 Bg6 62. Kh1 Qb2 63. Kg2 Qc1 64. Qf2 Qg5 65. Kh1 Ke8 66. Qf3 Bf7 67. Bd1 Kf8 68. Kg2 Kg8 69. Kh1 Kf8 70. Kg2 Ke8 71. Kh1 Ke7 72. Be2 Bg8 73. Kg2 Ke8 74. Kh1 Bf7 75. Bd1 Qd2 76. Be2 Qc2 77. Kg2 Qxa4 78. Nf6+ Ke7 79. g5 Qc2 80. Ng4 Bh5 81. g6 Bxg6 82. Nxe5 dxe5 83. Qg4 Kf7 84. Qf3+ Kg7 85. Kf2 Qd2 86. Qg4 Qe3+ 87. Kf1 Qc1+ 88. Kf2 Qe3+ 89. Kf1 Qf4+ 90. Qxf4 exf4 91. c5 a4 92. Bd1 a3 93. Bb3 bxc5 94. b6 Be8 1-0

[Event "British Universities-ch"]
[Site "Leicester"]
[Date "2024.02.24"]
[Round "?"]
[White "Honey, Luke Anthony"]
[Black "Lee, Zhia Chen Zachary"]
[Result "0-1"]
[WhiteElo "1667"]
[BlackElo "2004"]
[PlyCount "152"]
[EventDate "2024.02.24"]
[EventType "team-swiss (rapid)"]
[EventRounds "9"]
[EventCountry "ENG"]
[SourceTitle "CB11_2024"]
[SourceDate "2024.03.13"]
[SourceVersion "1"]
[SourceVersionDate "2024.03.13"]
[SourceQuality "1"]
[WhiteTeam "Birmingham"]
[BlackTeam "Bristol"]
[WhiteTeamCountry "ENG"]
[BlackTeamCountry "ENG"]

1. e4 c6 2. d4 d5 3. exd5 cxd5 4. c4 Nf6 5. Nc3 Nc6 6. Nf3 a6 7. cxd5 Nxd5 8. Bc4 Be6 9. Bb3 g6 10. 0-0 Bg7 11. Re1 0-0 12. a3 Re8 13. h3 Na5 14. Ba2 Nxc3 15. bxc3 Bxa2 16. Rxa2 Rc8 17. Qd3 Qd5 18. Rae2 e6 19. Ne5 Nc4 20. Nxc4 Rxc4 21. Rb2 Rec8 22. Bd2 b5 23. Qe4 Qd6 24. Rb4 h6 25. Qf3 e5 26. Qg3 Qd5 27. Rxc4 Rxc4 28. Qe3 exd4 29. cxd4 Rxd4 30. Bc3 Rd1 31. Qe8+ Kh7 32. Bxg7 Kxg7 33. Qe3 Rd3 34. Qc1 Qd6 35. Qb2+ Kh7 36. Ra1 Rd2 37. Qb3 Qf4 38. Rf1 Kg7 39. Qc3+ Qd4 40. Qc6 Qf6 41. Qc1 Ra2 42. Qe3 Rc2 43. Rd1 Rc3 44. Rd3 Rxd3 45. Qxd3 Qe5 46. Qf3 Qd4 47. Qb3 Qc4 48. Qb2+ Kh7 49. Qf6 a5 50. h4 h5 51. Qe7 Qe6 52. Qc5 Qc4 53. Qe7 b4 54. axb4 axb4 55. Qf6 Kg8 56. Qe5 Qc3 57. Qe8+ Kg7 58. Qa4 Qc1+ 59. Kh2 Qf4+ 60. Kg1 Qxh4 61. Qb3 Qd4 62. Kf1 Qc3 63. Qxc3+ bxc3 64. Ke2 Kf6 65. Kd3 Ke5 66. Kxc3 Kf4 67. Kd3 h4 68. Ke2 g5 69. Kf1 g4 70. Kg1 Ke4 71. Kh2 Kd3 72. f3 gxf3 73. gxf3 Ke3 74. Kh3 Kxf3 75. Kxh4 f5 76. Kg5 f4 0-1

[Event "Hastings Masters op"]
[Site "Hastings"]
[Date "2024.01.02"]
[Round "6"]
[White "Honey, Luke Anthony"]
[Black "Rastogi, Nayan Keats"]
[Result "1-0"]
[WhiteElo "1907"]
[BlackElo "1662"]
[PlyCount "95"]
[EventDate "2023.12.28"]
[EventType "swiss"]
[EventRounds "9"]
[EventCountry "ENG"]
[SourceTitle "CB02_2024"]
[SourceDate "2024.01.10"]
[SourceVersion "1"]
[SourceVersionDate "2024.01.10"]
[SourceQuality "1"]

1. e4 c5 2. Nf3 d6 3. d4 cxd4 4. Nxd4 Nf6 5. Nc3 a6 6. Rg1 e5 7. Nb3 Be6 8. g4 d5 9. exd5 Nxd5 10. Nxd5 Qxd5 11. Qxd5 Bxd5 12. Be3 Nc6 13. 0-0-0 0-0-0 14. Bb6 Rd6 15. g5 Be6 16. Bg2 Nb4 17. Rxd6 Bxd6 18. Na5 e4 19. Bxe4 Nd5 20. Bxd5 Bxd5 21. Rd1 Bf4+ 22. Be3 Bxe3+ 23. fxe3 Bf3 24. Rd4 Re8 25. Nc4 Kc7 26. Kd2 Re6 27. Rf4 Bh5 28. b3 Bg6 29. h4 b5 30. Nb2 f6 31. gxf6 gxf6 32. Nd3 Rd6 33. Rd4 f5 34. Nf4 Bf7 35. Kd3 b4 36. Rxd6 Kxd6 37. Kd4 a5 38. Nd3 Bd5 39. Ne5 Be4 40. Nc4+ Kc6 41. Nxa5+ Kb5 42. Nc4 Bxc2 43. a4+ Ka6 44. Nd2 Ka5 45. Kc5 Bxb3 46. Nxb3+ Kxa4 47. Kc4 Ka3 48. Nc5 1-0